Scope English. Correlated language arts teaching guide.

Bibliographic Details
Format: Book
Language:English
Published: New York : Scholastic Book Services, [1986]
Subjects:

MARC

Tag First Indicator Second Indicator Subfields
LEADER 00000cam a2200000 a 4500
001 in00000014089
005 20151007052134.0
008 861027s1986 nyua 00010 eng d
020 |a 0590345990 (level 5) 
035 |a (OCoLC)14525260 
035 |9 AAA6439AM 
040 |a TWC  |c TWC  |d TXA  |d UtOrBLW 
049 |a [Curr Col] TXAM  |v 6 [A12585186] 
050 4 |a PE1112  |b .S37 1986 
245 0 0 |a Scope English.  |p Correlated language arts teaching guide. 
264 1 |a New York :  |b Scholastic Book Services,  |c [1986] 
264 4 |c ©1986 
300 |a volumes :  |b illustrations ;  |c 24 cm. 
336 |a text  |b txt  |2 rdacontent 
337 |a unmediated  |b n  |2 rdamedia 
338 |a volume  |b nc  |2 rdacarrier 
650 0 |a English language  |x Grammar. 
650 0 |a English language  |x Composition and exercises. 
999 |a MARS 
999 f f |s a7b34949-5932-33ed-932f-7235c74ec793  |i 735aacfe-ed2f-3058-b08e-0e1aa98996d6  |t 0 
952 f f |a Texas A&M University  |b Rellis Campus  |c Joint Library Facility  |d Remote Storage  |e PE1112 .S37 1986  |h Library of Congress classification  |i unmediated -- volume  |k v.6  |l Teachers Guide  |m A14812585186  |p ric  |s JLF  |t 0 
998 f f |a PE1112 .S37 1986  |s v.6 Teachers Guide  |t 0  |l Remote Storage